Polski słownik biograficzny Tom 39/4, zeszyt 163 Sobieska Teofila - Soczek Zygmunt

Bibliographic Details
Other Authors: Markiewicz, Henryk, 1922-2013 (upr)
Format: Book
Language:Polish
Published: Warszawa [etc.] CFNP IH 2000
Subjects:

MARC

LEADER 00000nam a2200000 a 4500
001 vtls001408726
003 SK-MaSNL
005 20260301120258.0
008 251124s2000 PL e rd d 0 pol
020 |a 8386301015 
020 |a 838630183X  |c [150,00] 
035 |a SNK000363401 
040 |a SNK  |b slo  |c SNK  |e AACR2 
044 |a PL 
080 |a 92(438)(03)=84  |2 1981 
245 1 |a Polski słownik biograficzny  |n Tom 39/4, zeszyt 163  |p Sobieska Teofila - Soczek Zygmunt  |c [redakcja: Henryk Markiewicz] 
260 |a Warszawa [etc.]  |b CFNP IH  |c 2000 
300 |a S. 481-639  |c 30 cm 
500 |a Obalový názov 
650 0 7 |a osobnosti významné poľské  |x slovníky biografické  |2 SNK  |9 299211 
650 0 7 |a slovníky biografické poľské  |2 SNK  |9 282763 
700 1 |a Markiewicz, Henryk,  |d 1922-2013  |4 upr  |9 179228 
919 |a 83-86301-01-5 
919 |a 83-86301-83-X 
999 |c 725328  |d 727258 
952 |t P60, <04>, [BOOK], {604}  |a SNK  |b SNK  |y VYP  |7 0  |p 17A0271288  |o snkIB 18190/39/4  |i snkV 434/2001  |0 0  |1 0  |4 0  |d 2001-04-05  |l 0  |r 2005-01-02 00:00:00  |w 2026-02-23